Central Library OPAC University of Rajshahi

The pattern of management / (Record no. 15582)

MARC details
000 -LEADER
fixed length control field 00727nam a2200241 a 4500
001 - CONTROL NUMBER
control field 15582
003 - CONTROL NUMBER IDENTIFIER
rucl marc code BD-RjUL
005 - DATE AND TIME OF LATEST TRANSACTION
control field 20211208235840.0
008 - FIXED-LENGTH DATA ELEMENTS--GENERAL INFORMATION
fixed length control field 161204r19651956mnua 001 0 eng
035 ## - SYSTEM CONTROL NUMBER
System control number (BD-RjUL)15637
System control number (OCoLC)356520
040 ## - CATALOGING SOURCE
Original cataloging agency DLC
Transcribing agency OClU
Modifying agency OCoLC
-- DLC
-- BD-RjUL
Language of cataloging eng
041 ## - LANGUAGE CODE
Language code of text/sound track or separate title eng
082 ## - DEWEY DECIMAL CLASSIFICATION NUMBER
Edition number 23
Classification number 658.04
Author mark and year URP 1965
100 1# - MAIN ENTRY--PERSONAL NAME
Personal name Urwick, Lyndall F.
Fuller form of name (Lyndall Fownes),
Dates associated with a name 1891-1983.
9 (RLIN) 21985
245 14 - TITLE STATEMENT
Title The pattern of management /
Statement of responsibility, etc. Lyndall F. Urwick
260 ## - PUBLICATION, DISTRIBUTION, ETC. (IMPRINT)
Place of publication, distribution, etc. Minneapolis :
Name of publisher, distributor, etc. University of Minnesota Press,
Date of publication, distribution, etc. c1956, [reprinted 1965]
300 ## - PHYSICAL DESCRIPTION
Pagination 100 p. :
Illustrations illus. ;
Size 23 cm.
504 ## - BIBLIOGRAPHY, ETC. NOTE
Bibliography, etc Includes index.
650 #0 - SUBJECT ADDED ENTRY--TOPICAL TERM
Topical term or geographic name as entry element Management.
9 (RLIN) 48373
942 ## - ADDED ENTRY ELEMENTS (KOHA)
Source of classification or shelving scheme Dewey Decimal Classification
Koha item type Books
Holdings
Lost status Source of classification or shelving scheme Damaged status Not for loan Collection code Permanent Location Current Location Shelving location Date acquired Source of acquisition Cost, normal purchase price Total Checkouts Full call number Date last seen Copy number Koha item type
  Dewey Decimal Classification   Not For Loan Non-fiction Central Library, University of Rajshahi Central Library, University of Rajshahi Reading Room 17/11/1958 Colombo plan gratis 0.00   658.04 URP 1956 10/02/2014 C-1 Books
  Dewey Decimal Classification     Non-fiction Central Library, University of Rajshahi Central Library, University of Rajshahi   20/11/1970 Zeitlinger 25.00   658.04 URP 1965 30/04/2019 C-2 Books
  Dewey Decimal Classification     Non-fiction Central Library, University of Rajshahi Central Library, University of Rajshahi   20/11/1970 Zeitlinger 25.00   658.04 URP 1965 30/04/2019 C-3 Books